Intnl ency busnss mangmt V6 / (Record no. 342715)

000 -LEADER
fixed length control field 00649 a2200205 4500
003 - CONTROL NUMBER IDENTIFIER
control field OSt
005 - DATE AND TIME OF LATEST TRANSACTION
control field 20180116182617.0
008 - FIXED-LENGTH DATA ELEMENTS--GENERAL INFORMATION
fixed length control field 160426b xxu||||| |||| 00| 0 eng d
020 ## - INTERNATIONAL STANDARD BOOK NUMBER
International Standard Book Number 0415105013
020 ## - INTERNATIONAL STANDARD BOOK NUMBER
International Standard Book Number 9780415105019
040 ## - CATALOGING SOURCE
Transcribing agency 0
100 1# - MAIN ENTRY--PERSONAL NAME
Personal name M, WARNER.
245 10 - TITLE STATEMENT
Title Intnl ency busnss mangmt V6 /
Statement of responsibility, etc. WARNER M.
260 ## - PUBLICATION, DISTRIBUTION, ETC.
Place of publication, distribution, etc. [S.l.] :
Name of publisher, distributor, etc. Thomson Learning,
Date of publication, distribution, etc. 1996
300 ## - PHYSICAL DESCRIPTION
Extent 5545 p.
500 ## - GENERAL NOTE
General note Hardcover.
856 40 - ELECTRONIC LOCATION AND ACCESS
Materials specified Amazon.com
Uniform Resource Identifier <a href="http://www.amazon.com/exec/obidos/ASIN/0415105013/chopaconline-20">http://www.amazon.com/exec/obidos/ASIN/0415105013/chopaconline-20</a>
856 40 - ELECTRONIC LOCATION AND ACCESS
Materials specified Amazon customer reviews
Uniform Resource Identifier <a href="http://www.chopac.org/cgi-bin/tools/azrev.pl?q=0415105013">http://www.chopac.org/cgi-bin/tools/azrev.pl?q=0415105013</a>
942 ## - ADDED ENTRY ELEMENTS (KOHA)
Institution code [OBSOLETE] NBS
Koha item type Book
Call number prefix 650.03 WAR
Source of classification or shelving scheme
Holdings
Withdrawn status Lost status Damaged status Not for loan Permanent Location Current Location Date acquired Full call number Barcode Date last seen Price effective from Koha item type
        Central Library (CL) Central Library (CL) 08/28/2013 650.03 WAR NBS5933 08/28/2013 08/28/2013 Reference
        Central Library (CL) Central Library (CL) 08/28/2013 650.03 WAR NBS5934 08/28/2013 08/28/2013 Reference
        Central Library (CL) Central Library (CL) 08/28/2013 650.03 WAR NBS5935 08/28/2013 08/28/2013 Reference
        Central Library (CL) Central Library (CL) 08/28/2013 650.03 WAR NBS5936 08/28/2013 08/28/2013 Reference
        Central Library (CL) Central Library (CL) 08/28/2013 650.03 WAR NBS5937 08/28/2013 08/28/2013 Reference
        Central Library (CL) Central Library (CL) 08/28/2013 650.03 WAR NBS5938 08/28/2013 08/28/2013 Reference
© 2023 Central Library, National University of Sciences and Technology. All Rights Reserved.